[Event "HUN-ch U18"]
[Site "Paks"]
[Date "1998.??.??"]
[Round "5"]
[White "Szakall, Tamas"]
[Black "Toth, G."]
[Result "0-1"]
[WhiteElo "2105"]
[BlackElo "2155"]
[PlyCount "96"]
[EventDate "1998.??.??"]
[EventType "tourn"]
[EventRounds "9"]
[EventCountry "HUN"]
[SourceTitle "EXT 2000"]
[Source "ChessBase"]
[SourceDate "1999.11.16"]
[SourceVersion "1"]
[SourceVersionDate "1999.11.16"]
[SourceQuality "1"]

1. e4 c6 2. d4 d5 3. Nc3 dxe4 4. Nxe4 Nd7 5. Nf3 Ngf6 6. Bd3 Nxe4 7. Bxe4 Nf6 8. Bd3 Bg4 9. c3 e6 10. h3 Bh5 11. Bf4 Be7 12. Qe2 Qd5 13. g4 Bg6 14. 0-0 Bxd3 15. Qxd3 0-0 16. Rfe1 Qa5 17. Ne5 Nd5 18. Bd2 Qd8 19. Rad1 Rc8 20. c4 Nf6 21. Qb3 Rc7 22. Ba5 b6 23. Bc3 Qc8 24. a4 Qb7 25. a5 b5 26. Qc2 Rd8 27. b3 a6 28. Qe2 Bf8 29. h4 Qc8 30. Qf3 Bd6 31. g5 Bxe5 32. Rxe5 Ne8 33. Bb4 f6 34. Rde1 Rf7 35. Rxe6 fxg5 36. Qe4 Nc7 37. Rxc6 Rf4 38. Qe2 Rfxd4 39. f3 Qd7 40. Rc5 gxh4 41. Qe5 Ne8 42. Bc3 Rd6 43. cxb5 axb5 44. Rxb5 Rg6+ 45. Kf2 h3 46. Rg1 h2 47. Rh1 Re6 48. Qxh2 Qxb5 0-1

[Event "HUN-chT 9798"]
[Site "Hungary"]
[Date "1997.??.??"]
[Round "?"]
[White "Hera, Imre Jr"]
[Black "Szakall, Tamas"]
[Result "1/2-1/2"]
[WhiteElo "2115"]
[BlackElo "2125"]
[PlyCount "40"]
[EventDate "1997.??.??"]
[EventType "team-tourn"]
[EventRounds "12"]
[EventCountry "HUN"]
[SourceTitle "EXT 2000"]
[Source "ChessBase"]
[SourceDate "1999.11.16"]
[SourceVersion "1"]
[SourceVersionDate "1999.11.16"]
[SourceQuality "1"]

1. d4 Nf6 2. c4 g6 3. Nc3 d5 4. Bf4 Bg7 5. e3 0-0 6. Rc1 c5 7. dxc5 Qa5 8. cxd5 Rd8 9. Bc4 Na6 10. Nge2 Nxc5 11. 0-0 Be6 12. f3 b5 13. Nxb5 Nxd5 14. Qe1 Qxe1 15. Rfxe1 Nb4 16. Nc7 Nbd3 17. Bxe6 Nxe1 18. Rxe1 fxe6 19. Nxa8 Rxa8 20. Nc3 Nd3 1/2-1/2

[Event "Papp Bela Memorial"]
[Site "Budapest"]
[Date "1997.??.??"]
[Round "?"]
[White "Szakall, Tamas"]
[Black "Gyimesi, Zoltan"]
[Result "0-1"]
[WhiteElo "2125"]
[BlackElo "2500"]
[PlyCount "40"]
[EventDate "1997.??.??"]
[EventType "swiss"]
[EventRounds "11"]
[EventCountry "HUN"]
[SourceTitle "EXT 2002"]
[Source "ChessBase"]
[SourceDate "2001.11.25"]
[SourceVersion "1"]
[SourceVersionDate "2001.11.25"]
[SourceQuality "1"]

1. e4 c5 2. Nc3 d6 3. g3 g6 4. Bg2 Bg7 5. d3 Nc6 6. Be3 Rb8 7. Qd2 b5 8. Nge2 Bd7 9. d4 cxd4 10. Nxd4 Nf6 11. 0-0 Ne5 12. b3 Neg4 13. Nd5 Nxe3 14. Nxf6+ Bxf6 15. Qxe3 Qb6 16. Rad1 0-0 17. Rfe1 Rfc8 18. Re2 b4 19. f4 Bg4 20. Bf3 Bxd4 0-1